Detalles MARC
| 000 -LEADER |
| campo de control de longitud fija |
01984cam a2200385 i 4500 |
| 003 - IDENTIFICADOR DE NÚMERO DE CONTROL |
| campo de control |
PE-LiUPU |
| 005 - FECHA Y HORA DE LA ÚLTIMA TRANSACCIÓN |
| campo de control |
20251230102250.0 |
| 008 - DATOS DE LONGITUD FIJA--INFORMACIÓN GENERAL |
| campo de control de longitud fija |
2509 s2025 sp a rb 000 0 spa d |
| 020 ## - NÚMERO INTERNACIONAL ESTÁNDAR DEL LIBRO |
| Número Internacional Estándar del Libro |
9791387545284 |
| 035 ## - NÚMERO DE CONTROL DEL SISTEMA |
| Número de control de sistema |
PE-LiUPU00048 |
| 040 ## - FUENTE DE CATALOGACIÓN |
| Centro catalogador/agencia de origen |
PE-LiUPU |
| Lengua de catalogación |
spa |
| Centro/agencia transcriptor |
PE-LiUPU |
| Normas de descripción |
rda |
| 082 04 - NÚMERO DE LA CLASIFICACIÓN DECIMAL DEWEY |
| Número de clasificación |
341 |
| Cutter |
B992f |
| Número de edición |
23 |
| 100 1# - ENTRADA PRINCIPAL--NOMBRE DE PERSONA |
| Nombre de persona |
Buzón, Rafael, |
| Término indicativo de función/relación |
autor. |
| 9 (RLIN) |
7776 |
| 245 13 - MENCIÓN DEL TÍTULO |
| Título |
La filosofía del Derecho de Manuel Atienza / |
| Mención de responsabilidad, etc. |
Rafael Buzón ; introducción de Josep Aguiló Regla y Juan Antonio Pérez Lledó. |
| 250 ## - MENCION DE EDICION |
| Mención de edición |
Primera edición. |
| 264 #1 - PRODUCCIÓN, PUBLICACIÓN, DISTRIBUCIÓN, FABRICACIÓN Y COPYRIGHT |
| Producción, publicación, distribución, fabricación y copyright |
Madrid : |
| Nombre del de productor, editor, distribuidor, fabricante |
Palestra Jurídica, |
| Fecha de producción, publicación, distribución, fabricación o copyright |
2025. |
| 264 #3 - PRODUCCIÓN, PUBLICACIÓN, DISTRIBUCIÓN, FABRICACIÓN Y COPYRIGHT |
| Producción, publicación, distribución, fabricación y copyright |
Impreso en España. |
| 300 ## - DESCRIPCIÓN FÍSICA |
| Extensión |
366 páginas ; |
| Dimensiones |
20.5 cm |
| 336 ## - TIPO DE CONTENIDO |
| Término de tipo de contenido |
text |
| Fuente |
rdacontent |
| 337 ## - TIPO DE MEDIO |
| Nombre/término del tipo de medio |
unmediated |
| Fuente |
rdamedia |
| 338 ## - TIPO DE SOPORTE |
| Nombre/término del tipo de soporte |
volume |
| Fuente |
rdacarrier |
| 500 ## - NOTA GENERAL |
| Nota general |
Incluye introducción a cargo de Josep Aguiló Regla y Juan Antonio Pérez Lledó. |
| 504 ## - NOTA DE BIBLIOGRAFÍA, ETC. |
| Nota de bibliografía, etc. |
Incluye referencias bibliográficas. |
| 505 0# - NOTA DE CONTENIDO CON FORMATO |
| Nota de contenido con formato |
Prólogo -- Introducción -- Las piezas del Derecho -- Teoría de la argumentación jurídica -- El postpositivismo jurídico -- Críticas a la teoría del Derecho de Manuel Atienza -- La filosofía del Derecho de Manuel Atienza -- Bibliografía. |
| 520 ## - RESUMEN, ETC. |
| Sumario, etc. |
Estudio sistemático de los fundamentos teóricos de la filosofía jurídica de Manuel Atienza, centrado en su concepción del Derecho como práctica racional, su teoría de la argumentación jurídica, el postpositivismo y la dogmática jurídica como tecno-praxis, así como un análisis crítico de su alcance normativo y metodológico. |
| 650 10 - PUNTO DE ACCESO ADICIONAL DE MATERIA--TÉRMINO DE MATERIA |
| Término de materia o nombre geográfico como elemento de entrada |
Filosofía del derecho |
| 9 (RLIN) |
2504 |
| 650 10 - PUNTO DE ACCESO ADICIONAL DE MATERIA--TÉRMINO DE MATERIA |
| Término de materia o nombre geográfico como elemento de entrada |
Abogados |
| 9 (RLIN) |
4797 |
| Subdivisión de forma |
Entrevistas |
| 650 24 - PUNTO DE ACCESO ADICIONAL DE MATERIA--TÉRMINO DE MATERIA |
| Término de materia o nombre geográfico como elemento de entrada |
Estado de derecho |
| 9 (RLIN) |
2515 |
| 650 24 - PUNTO DE ACCESO ADICIONAL DE MATERIA--TÉRMINO DE MATERIA |
| Término de materia o nombre geográfico como elemento de entrada |
Derecho Constitucional |
| 9 (RLIN) |
3819 |
| 650 24 - PUNTO DE ACCESO ADICIONAL DE MATERIA--TÉRMINO DE MATERIA |
| Término de materia o nombre geográfico como elemento de entrada |
Positivismo Jurídico |
| 9 (RLIN) |
3407 |
| 700 ## - ENTRADA AGREGADA--NOMBRE PERSONAL |
| Nombre de persona |
Atienza, Manuel, |
| Fechas asociadas al nombre |
1951- |
| 9 (RLIN) |
2522 |
| Término indicativo de función/relación |
autor. |
| 942 ## - ELEMENTOS DE ENTRADA SECUNDARIOS (KOHA) |
| Fuente del sistema de clasificación o colocación |
Clasificación Decimal Dewey |
| Tipo de ítem Koha |
Libros físicos |
| 980 ## - EQUIVALENCIA O REFERENCIA-CRUZADA-MENCIÓN DE SERIE--NOMBRE DE PERSONA/TÍTULO [LOCAL, CANADÁ] |
| ID del usuario creador del registro |
18228 |
| Nombre del creador del registro |
Rebeca Esther Huerta Leyton |
| ID del último usuario que modificó el registro |
18226 |
| Nombre del último usuario que modificó el registro |
Jaime Vilcazán Jefe de Análisis Documental |